BSOP header

重尋聖潔 / (Record no. 38568)

MARC details
000 -LEADER
fixed length control field 00605nam a22002177a 4500
005 - DATE AND TIME OF LATEST TRANSACTION
control field 20150701103521.0
008 - FIXED-LENGTH DATA ELEMENTS--GENERAL INFORMATION
fixed length control field 150701s2002 hk e |||| 00| 0 chi d
020 ## - INTERNATIONAL STANDARD BOOK NUMBER
International Standard Book Number 9789622085411 (平裝) :
041 1# - LANGUAGE CODE
Language code of text/sound track or separate title chi
Language code of original and/or intermediate translations of text eng
050 04 - LIBRARY OF CONGRESS CALL NUMBER
Classification number BT767
Item number P12
100 1# - MAIN ENTRY--PERSONAL NAME
Personal name 巴刻
Titles and other words associated with a name (J. I. Packer)
Relator term
245 10 - TITLE STATEMENT
Title 重尋聖潔 /
Statement of responsibility, etc 巴刻著 ; 石彩燕譯
250 ## - EDITION STATEMENT
Edition statement 初版
260 ## - PUBLICATION, DISTRIBUTION, ETC. (IMPRINT)
Place of publication, distribution, etc 香港 :
Name of publisher, distributor, etc 天道書樓,
Date of publication, distribution, etc 2002
300 ## - PHYSICAL DESCRIPTION
Extent 291面 ;
Dimensions 21公分
490 1# - SERIES STATEMENT
Series statement 信徒生活叢書
500 ## - GENERAL NOTE
General note 譯自 : Rediscovering holiness.
650 #2 - SUBJECT ADDED ENTRY--TOPICAL TERM
Source of heading or term csh
Topical term or geographic name as entry element 基督徒
700 1# - ADDED ENTRY--PERSONAL NAME
Personal name 石彩燕
Relator term
942 ## - ADDED ENTRY ELEMENTS (KOHA)
Source of classification or shelving scheme Library of Congress Classification
Item type Books
Holdings
Withdrawn status Lost status Source of classification or shelving scheme Damaged status Not for loan Home library Current library Shelving location Date acquired Accession number Total Checkouts Full call number Barcode Date last seen Price effective from Koha item type
    Library of Congress Classification     BSOP Library BSOP Library Chinese Books (General Circulation) 07/01/2015 C-13063   CH BT767 P12 00045464 07/01/2015 07/01/2015 Books
BSOP

Biblical Seminary of the Philippines
  All rights Reserved
  © 2024

CONTACT INFORMATION

Biblical Seminary of the Philippines,
  77-B Karuhatan Road, Valenzuela City,
  PHILIPPINES 1441
  Phone: +632 8292-6795 / 8292-6798
  Fax : +632 8292-6675
  Email: library@bsop.edu.ph